[Event "Northern Alberta op"]
[Site "Edmonton CAN"]
[Date "2004.02.22"]
[Round "5"]
[White "Reeve, Jeff"]
[Black "Rekhson, Vladislav"]
[Result "1-0"]
[WhiteElo "2386"]
[BlackElo "2016"]
[PlyCount "97"]
[GameId "2160767911183738"]
[EventDate "2004.02.21"]
[EventType "swiss"]
[EventRounds "5"]
[EventCountry "CAN"]

1. e4 c5 2. Nf3 a6 3. c3 Nf6 4. e5 Nd5 5. d4 cxd4 6. Bc4 Nb6 7. Bb3 e6 8. cxd4 d5 9. O-O Be7 10. Nc3 Nc6 11. Bc2 Bd7 12. a3 Qc7 13. Qd3 Na7 14. Re1 Nb5 15. Nd1 Qc4 16. Qd2 Rc8 17. Bd3 Qc7 18. b3 Nc3 19. Bb2 Nxd1 20. Raxd1 O-O 21. Rc1 Qb8 22. h4 Rxc1 23. Rxc1 Rc8 24. Rxc8+ Qxc8 25. h5 Qf8 26. a4 Bb4 27. Bc3 Bxc3 28. Qxc3 Qc8 29. Qd2 Na8 30. Nh2 Qd8 31. Qf4 b5 32. Ng4 bxa4 33. Nh6+ gxh6 34. Qxh6 Be8 35. Bxh7+ Kh8 36. Bb1+ Kg8 37. Qh7+ Kf8 38. Qh8+ Ke7 39. Qf6+ Kd7 40. Qxd8+ Kxd8 41. h6 axb3 42. h7 a5 43. h8=Q Nb6 44. Qf8 Nc4 45. Qc5 a4 46. Qb4 Kc7 47. Bd3 b2 48. Bxc4 a3 49. Ba2 1-0

[Event "Nova Scotia Closed"]
[Site "Cole Harbour CAN"]
[Date "2004.06.27"]
[Round "5"]
[White "Charlton, Glenn"]
[Black "Wysocki, Antoni"]
[Result "1/2-1/2"]
[WhiteElo "2139"]
[BlackElo "2087"]
[PlyCount "50"]
[GameId "2160767911096139"]
[EventDate "2004.06.25"]
[EventType "tourn"]
[EventRounds "5"]
[EventCountry "CAN"]

1. e4 d5 2. exd5 Qxd5 3. Nc3 Qa5 4. d4 Nf6 5. Bc4 Bg4 6. Nf3 c6 7. h3 Bh5 8. Bd2 Qc7 9. g4 Bg6 10. Qe2 e6 11. O-O-O Bb4 12. Ne5 Nbd7 13. h4 Bxc3 14. Bxc3 Be4 15. Rhe1 Bd5 16. Bxd5 Nxd5 17. Bd2 Nxe5 18. dxe5 O-O-O 19. c4 Nb6 20. Bg5 Rxd1+ 21. Rxd1 h6 22. Bd2 Rd8 23. Ba5 Rxd1+ 24. Kxd1 Qd8+ 25. Kc2 Qd4 1/2-1/2

[Event "Nova Scotia Closed"]
[Site "Cole Harbour CAN"]
[Date "2004.06.27"]
[Round "5"]
[White "Kenney, David"]
[Black "Pentz, Brian"]
[Result "1/2-1/2"]
[WhiteElo "1780"]
[BlackElo "1882"]
[PlyCount "74"]
[GameId "2160767911096140"]
[EventDate "2004.06.25"]
[EventType "tourn"]
[EventRounds "5"]
[EventCountry "CAN"]

1. c4 f5 2. Nf3 e6 3. g3 d5 4. Bg2 c6 5. cxd5 exd5 6. O-O Bd6 7. Nc3 Nf6 8. d3 O-O 9. Qc2 Qe8 10. Bd2 Nbd7 11. Rae1 f4 12. e4 Qh5 13. gxf4 dxe4 14. dxe4 Ng4 15. Ne2 Nde5 16. Qb3+ Kh8 17. h3 Nxf3+ 18. Qxf3 Nf6 19. Qxh5 Nxh5 20. e5 Bc7 21. Rd1 Bf5 22. Ng3 Nxg3 23. fxg3 Bb6+ 24. Kh2 Bd3 25. Rh1 Rad8 26. Bc3 Rfe8 27. Bf3 Kg8 28. Kg2 Bc2 29. Rxd8 Rxd8 30. Rc1 Bd3 31. Re1 Bc4 32. a3 Be6 33. g4 g6 34. Be4 Rf8 35. Kg3 Rf7 36. Rf1 Bc4 37. Re1 Be6 1/2-1/2

[Event "Nova Scotia Closed"]
[Site "Cole Harbour CAN"]
[Date "2004.06.27"]
[Round "5"]
[White "Kenney, Jason"]
[Black "Ng, Gary"]
[Result "0-1"]
[WhiteElo "2111"]
[BlackElo "2101"]
[PlyCount "76"]
[GameId "2160767911096141"]
[EventDate "2004.06.25"]
[EventType "tourn"]
[EventRounds "5"]
[EventCountry "CAN"]

1. d4 d5 2. c4 c6 3. Nf3 Nf6 4. Nc3 a6 5. e3 b5 6. b3 Bg4 7. Be2 e6 8. O-O Bd6 9. Qc2 Qc7 10. h3 Bf5 11. Bd3 Bxd3 12. Qxd3 Nbd7 13. Bb2 Rc8 14. Rac1 Qb8 15. Rc2 O-O 16. Rfc1 Rfd8 17. e4 b4 18. e5 bxc3 19. Bxc3 Ba3 20. exf6 Bxc1 21. Rxc1 Nxf6 22. Ba5 Re8 23. cxd5 cxd5 24. Rxc8 Qxc8 25. a4 Ne4 26. Be1 Qb7 27. Nd2 Nxd2 28. Bxd2 Rb8 29. b4 Qc6 30. Qg3 Rb7 31. a5 f6 32. Kh2 Qc7 33. Bf4 e5 34. dxe5 Rxb4 35. Bd2 Re4 36. Qb3 Qxe5+ 37. f4 Qd6 38. Qb7 Re7 0-1

[Event "Nova Scotia op"]
[Site "Halifax, NS"]
[Date "2004.05.23"]
[Round "6"]
[White "Kenney, Jason"]
[Black "Uuetoa, Harold"]
[Result "1-0"]
[WhiteElo "2106"]
[BlackElo "1750"]
[PlyCount "59"]
[GameId "2160767911145856"]
[EventDate "2004.05.21"]
[EventType "swiss"]
[EventRounds "8"]
[EventCountry "CAN"]

1. d4 Nf6 2. c4 g6 3. Nc3 Bg7 4. e4 d6 5. Nf3 b6 6. Bd3 Bb7 7. O-O O-O 8. Re1 e6 9. Bg5 Qc8 10. Qd2 Nbd7 11. h3 Ne8 12. Be7 c5 13. d5 e5 14. a3 Bf6 15. Bxf8 Nxf8 16. b4 Bg7 17. Reb1 Nd7 18. Ne1 Ba6 19. Nc2 cxb4 20. Nxb4 Nc5 21. Nxa6 Nxd3 22. Qxd3 Qxa6 23. a4 Rc8 24. a5 Qxc4 25. Qxc4 Rxc4 26. axb6 axb6 27. Ra8 Rxc3 28. Rxe8+ Bf8 29. Rxb6 Kg7 30. Rbb8 1-0

[Event "Nova Scotia op"]
[Site "Halifax, NS"]
[Date "2004.05.23"]
[Round "7"]
[White "Ede, Albert"]
[Black "Kenney, Jason"]
[Result "0-1"]
[WhiteElo "1698"]
[BlackElo "2106"]
[PlyCount "128"]
[GameId "2160767911145857"]
[EventDate "2004.05.21"]
[EventType "swiss"]
[EventRounds "8"]
[EventCountry "CAN"]

1. e4 c5 2. Nf3 Nc6 3. d4 cxd4 4. Nxd4 g6 5. c3 Bg7 6. Be3 Nf6 7. f3 O-O 8. Be2 d5 9. Nxc6 bxc6 10. e5 Nd7 11. f4 e6 12. O-O a6 13. Nd2 Qc7 14. Nb3 c5 15. Rc1 Rb8 16. Rc2 a5 17. Qe1 a4 18. Nd2 c4 19. Qf2 f6 20. Bg4 f5 21. Be2 Rf7 22. Nf3 a3 23. bxa3 Bf8 24. Ng5 Re7 25. h4 h6 26. Nf3 Rg7 27. a4 Nc5 28. Bxc5 Qxc5 29. Nd4 Bd7 30. Rd2 Qa3 31. Qg3 Bc5 32. Qe3 Bxa4 33. Kh2 Rb2 34. Ra1 Bd7 35. Rxb2 Qxb2 36. Qc1 Ba3 37. Qe1 Bb4 38. Rc1 Ba5 39. Rc2 Qa3 40. Qc1 Qe7 41. g3 g5 42. h5 gxf4 43. Qxf4 Qg5 44. Qf2 Kh7 45. Bd1 Re7 46. Qf4 Ba4 47. Rc1 Bxd1 48. Qxg5 hxg5 49. Nc6 Rb7 50. Nxa5 Rb2+ 51. Kg1 Bxh5 52. Nc6 Rxa2 53. Nd8 Ra6 54. Rb1 f4 55. gxf4 gxf4 56. Rb7+ Kg6 57. Re7 Kf5 58. Rh7 Bg4 59. Rg7 Ra1+ 60. Kf2 Ra2+ 61. Kg1 f3 62. Nxe6 f2+ 63. Kg2 Bh3+ 64. Kh2 f1=Q+ 0-1

[Event "Nova Scotia op"]
[Site "Halifax, NS"]
[Date "2004.05.24"]
[Round "8"]
[White "Kenney, Jason"]
[Black "Cashin, Ken"]
[Result "1/2-1/2"]
[WhiteElo "2106"]
[BlackElo "1612"]
[PlyCount "66"]
[GameId "2160767911145858"]
[EventDate "2004.05.21"]
[EventType "swiss"]
[EventRounds "8"]
[EventCountry "CAN"]

1. d4 d5 2. c4 c6 3. Nf3 Nf6 4. e3 e6 5. Nc3 Nbd7 6. Qc2 Be7 7. g4 dxc4 8. Bxc4 Nd5 9. e4 Nb4 10. Qe2 Nb6 11. Bb3 Bd7 12. Bf4 a5 13. a3 a4 14. Bd1 Na6 15. Bc2 c5 16. d5 exd5 17. exd5 O-O 18. O-O-O Bf6 19. Qd3 g6 20. h3 c4 21. Qf1 Rc8 22. Qg2 Nc5 23. Bd2 Nb3+ 24. Kb1 Nxd2+ 25. Rxd2 Bxc3 26. bxc3 Qc7 27. Qh2 Qc5 28. Kb2 Qb5+ 29. Ka1 Qc5 30. Kb2 Qb5+ 31. Ka1 Qc5 32. Kb2 Qb5+ 33. Ka1 Qc5 1/2-1/2

[Event "Olympiade"]
[Site "Charlesbourg CAN"]
[Date "2004.10.11"]
[Round "1"]
[White "Drolet, Stephane"]
[Black "Caire, Francois"]
[Result "1/2-1/2"]
[WhiteElo "2123"]
[BlackElo "2111"]
[PlyCount "20"]
[GameId "2160767911061021"]
[EventDate "2004.10.11"]
[EventType "team"]
[EventRounds "6"]
[EventCountry "CAN"]

1. c4 e5 2. Nc3 Nf6 3. Nf3 Nc6 4. g3 d5 5. cxd5 Nxd5 6. d3 Be7 7. Bg2 Nb6 8. O-O O-O 9. Bd2 Re8 10. Ne4 Nd4 1/2-1/2

[Event "Olympiade"]
[Site "Charlesbourg CAN"]
[Date "2004.10.11"]
[Round "1"]
[White "Filiatreault, Michel"]
[Black "Champetier, Serge"]
[Result "0-1"]
[WhiteElo "1922"]
[BlackElo "1973"]
[PlyCount "82"]
[GameId "2160767911061022"]
[EventDate "2004.10.11"]
[EventType "team"]
[EventRounds "6"]
[EventCountry "CAN"]

1. c4 e5 2. g3 Nc6 3. Bg2 f5 4. d3 Bb4+ 5. Bd2 a5 6. a3 Bc5 7. e3 Nf6 8. Nc3 O-O 9. Nge2 d6 10. Na4 Ba7 11. b4 f4 12. O-O fxe3 13. Bxe3 Bxe3 14. fxe3 axb4 15. axb4 Ng4 16. Bd5+ Kh8 17. Rxf8+ Qxf8 18. Qf1 Bd7 19. Qxf8+ Rxf8 20. Bxc6 bxc6 21. e4 Ne3 22. Nec3 Bh3 23. b5 Ng4 24. Nb2 h5 25. Re1 Rf2 26. Ncd1 Rg2+ 27. Kh1 cxb5 28. cxb5 Rd2 29. Kg1 Rg2+ 30. Kh1 Rxh2+ 31. Kg1 Rg2+ 32. Kh1 Rd2 33. Nc4 Rxd3 34. Nce3 Nxe3 35. Nxe3 Be6 36. Kg2 Rb3 37. Rc1 Rxe3 38. Rxc7 Rxe4 39. Rb7 Rb4 40. Rb8+ Kh7 41. b6 Bd5+ 0-1

[Event "Olympiade"]
[Site "Charlesbourg CAN"]
[Date "2004.10.11"]
[Round "1"]
[White "Tremblay, Rejean"]
[Black "Lessard, Claude"]
[Result "1/2-1/2"]
[WhiteElo "2254"]
[BlackElo "1980"]
[PlyCount "115"]
[GameId "2160767911061023"]
[EventDate "2004.10.11"]
[EventType "team"]
[EventRounds "6"]
[EventCountry "CAN"]

1. d4 Nf6 2. c4 c5 3. d5 b5 4. cxb5 a6 5. bxa6 Bxa6 6. Nc3 g6 7. e4 Bxf1 8. Kxf1 d6 9. g3 Bg7 10. Kg2 O-O 11. Nf3 Nbd7 12. Re1 Ng4 13. Nd2 Nge5 14. Qe2 Nb6 15. f4 Ned7 16. Nf3 Na4 17. Nd1 Qb6 18. Rb1 Nc3 19. Nxc3 Bxc3 20. Bd2 Bxd2 21. Nxd2 Rxa2 22. Nc4 Qb4 23. e5 Nb6 24. Nxb6 Qxb6 25. exd6 exd6 26. Qd2 Rb8 27. Re2 c4 28. f5 Qa5 29. Qd4 c3 30. f6 Raxb2 31. Rbxb2 Rxb2 32. Rxb2 cxb2 33. Qxb2 Qxd5+ 34. Kh3 h5 35. Qb8+ Kh7 36. Qd8 g5 37. Qe7 Kg6 38. Qe3 Qf5+ 39. Kg2 Qxf6 40. Qd3+ Kg7 41. Qd5 Qe5 42. Qd2 d5 43. h4 g4 44. Qc1 d4 45. Qb2 Qe3 46. Qa1 Qd2+ 47. Kh1 Qc3 48. Qa6 Qf3+ 49. Kh2 d3 50. Qa1+ Kh7 51. Qa5 Qf2+ 52. Kh1 Qf1+ 53. Kh2 Qh3+ 54. Kg1 Qxg3+ 55. Kf1 Qf3+ 56. Kg1 g3 57. Qb6 d2 58. Qh6+ 1/2-1/2

[Event "Olympiade"]
[Site "Charlesbourg CAN"]
[Date "2004.10.18"]
[Round "2"]
[White "Bourassa, Samuel"]
[Black "Koenig, Pierre"]
[Result "1-0"]
[WhiteElo "1593"]
[BlackElo "1578"]
[PlyCount "65"]
[GameId "2160767911061024"]
[EventDate "2004.10.11"]
[EventType "team"]
[EventRounds "6"]
[EventCountry "CAN"]

1. e4 c5 2. Nc3 d6 3. g3 g6 4. f4 Bg7 5. Bg2 Nc6 6. Nge2 Nf6 7. O-O Bg4 8. h3 Bd7 9. d4 cxd4 10. Nxd4 O-O 11. Be3 Nh5 12. Kh2 e5 13. Nxc6 Bxc6 14. f5 Nf6 15. g4 Qc7 16. g5 Nh5 17. f6 Bh8 18. Qe2 Rfe8 19. Rad1 Rad8 20. Nd5 Bxd5 21. Rxd5 Kf8 22. h4 h6 23. Bh3 Nf4 24. Bxf4 exf4 25. Rxf4 hxg5 26. hxg5 Qc6 27. Qd3 Kg8 28. Rf2 Qc7 29. Rd2 Re5 30. Rxe5 dxe5 31. Qxd8+ Qxd8 32. Rxd8+ Kh7 33. Rd7 1-0

[Event "Olympiade"]
[Site "Charlesbourg CAN"]
[Date "2004.10.18"]
[Round "2"]
[White "Lessard, Claude"]
[Black "Caire, Francois"]
[Result "1-0"]
[WhiteElo "1980"]
[BlackElo "2111"]
[PlyCount "77"]
[GameId "2160767911061025"]
[EventDate "2004.10.11"]
[EventType "team"]
[EventRounds "6"]
[EventCountry "CAN"]

1. e4 c5 2. Nf3 Nc6 3. d4 cxd4 4. Nxd4 Nf6 5. Nc3 e5 6. Ndb5 d6 7. Bg5 a6 8. Na3 b5 9. Nd5 Be7 10. Nxe7 Nxe7 11. Bxf6 gxf6 12. Qd2 Bb7 13. f3 d5 14. exd5 Nxd5 15. O-O-O Qc7 16. Kb1 O-O-O 17. Bd3 Kb8 18. Qf2 f5 19. c4 bxc4 20. Bxc4 f6 21. Bb3 Nb4 22. Qh4 Qe7 23. Nc4 Nc6 24. Rhe1 Rxd1+ 25. Rxd1 Nd4 26. Nxe5 Nxb3 27. Nd7+ Ka8 28. axb3 Qe2 29. Qd4 Re8 30. Nb6+ Kb8 31. Nd7+ Ka8 32. Nxf6 Rc8 33. Nd7 Rc2 34. Nb6+ Kb8 35. Nc4 h5 36. Qd8+ Bc8 37. Qb6+ Ka8 38. Qc6+ Kb8 39. Rd8 1-0

[Event "Olympiade"]
[Site "Charlesbourg CAN"]
[Date "2004.10.18"]
[Round "2"]
[White "Tremblay, Rejean"]
[Black "Drolet, Stephane"]
[Result "0-1"]
[WhiteElo "2254"]
[BlackElo "2123"]
[PlyCount "56"]
[GameId "2160767911061026"]
[EventDate "2004.10.11"]
[EventType "team"]
[EventRounds "6"]
[EventCountry "CAN"]

1. d4 e6 2. c4 f5 3. g3 Nf6 4. Bg2 g6 5. Nf3 d6 6. O-O Bg7 7. Nc3 O-O 8. Qc2 Nc6 9. Rd1 Qe7 10. e4 e5 11. dxe5 dxe5 12. Nd5 Nxd5 13. exd5 Nb4 14. Qb3 Na6 15. d6 cxd6 16. c5+ Be6 17. cxd6 Qd7 18. Qe3 e4 19. Ng5 Rfe8 20. f3 Nb4 21. Nxe6 Qxe6 22. Qe2 Nc6 23. fxe4 fxe4 24. Be3 Rad8 25. Qb5 Rxd6 26. Qxb7 Nd4 27. Rab1 a5 28. Kh1 Rd7 0-1

[Event "Olympiade"]
[Site "Charlesbourg CAN"]
[Date "2004.10.25"]
[Round "3"]
[White "Caire, Francois"]
[Black "Tremblay, Rejean"]
[Result "1-0"]
[WhiteElo "2111"]
[BlackElo "2254"]
[PlyCount "55"]
[GameId "2160767911061028"]
[EventDate "2004.10.11"]
[EventType "team"]
[EventRounds "6"]
[EventCountry "CAN"]

1. f4 g6 2. e4 Bg7 3. d4 d6 4. Nf3 c5 5. d5 Nf6 6. Nc3 O-O 7. Bd3 a6 8. a4 Qc7 9. Bc4 Nbd7 10. O-O Nb6 11. Be2 Bg4 12. Qe1 c4 13. Be3 Nbd7 14. h3 Bxf3 15. Bxf3 Rfb8 16. Qf2 Ne8 17. Be2 Bxc3 18. bxc3 Nef6 19. Bf3 Qa5 20. Bd4 Rc8 21. Qh4 Qd8 22. e5 Ne8 23. e6 Ndf6 24. f5 Ng7 25. exf7+ Kxf7 26. fxg6+ hxg6 27. Bg4 Rcb8 28. Qh7 1-0

[Event "Olympiade"]
[Site "Charlesbourg CAN"]
[Date "2004.10.25"]
[Round "3"]
[White "Chouinard, Marc"]
[Black "Bourassa, Samuel"]
[Result "1-0"]
[WhiteElo "1567"]
[BlackElo "1593"]
[PlyCount "53"]
[GameId "2160767911061029"]
[EventDate "2004.10.11"]
[EventType "team"]
[EventRounds "6"]
[EventCountry "CAN"]

1. d3 d5 2. Nf3 c5 3. g3 Nc6 4. Bg2 e5 5. O-O f5 6. c4 d4 7. Bd2 Nf6 8. Na3 a6 9. Nc2 Bd6 10. a3 O-O 11. b4 Rb8 12. bxc5 Bxc5 13. Rb1 Re8 14. Nb4 Bd7 15. Qc2 e4 16. Ng5 h6 17. Nh3 e3 18. fxe3 dxe3 19. Bc3 Nd4 20. Qb2 Be6 21. Nf4 Bf7 22. Nbd5 Nxd5 23. Nxd5 Bxa3 24. Qxa3 Nxe2+ 25. Kh1 Qg5 26. Qb2 Qh5 27. Be1 1-0

[Event "Olympiade"]
[Site "Charlesbourg CAN"]
[Date "2004.10.25"]
[Round "3"]
[White "Drolet, Stephane"]
[Black "Lessard, Claude"]
[Result "1-0"]
[WhiteElo "2123"]
[BlackElo "1980"]
[PlyCount "73"]
[GameId "2160767911061030"]
[EventDate "2004.10.11"]
[EventType "team"]
[EventRounds "6"]
[EventCountry "CAN"]

1. Nf3 c5 2. c3 d5 3. d4 cxd4 4. cxd4 Nf6 5. Nc3 e6 6. Bf4 Nc6 7. e3 Bb4 8. Bd3 Ne4 9. Qb3 f5 10. Ne5 O-O 11. f3 Nxe5 12. Bxe5 Nxc3 13. bxc3 Bd6 14. Bxd6 Qxd6 15. O-O Bd7 16. a4 Rac8 17. f4 Rc7 18. Rfc1 Rfc8 19. c4 Qa6 20. c5 Qa5 21. Bb5 Bc6 22. Qc3 Qxc3 23. Rxc3 Kf7 24. Rb1 Ke7 25. Bxc6 bxc6 26. Rcb3 a5 27. Rb6 Ra8 28. Kf2 Raa7 29. Rb8 h6 30. R1b6 Kf6 31. Rd8 Rab7 32. Rd6 Ke7 33. Rdxc6 Rxc6 34. Rxb7+ Kf6 35. Ra7 g5 36. Rxa5 Rc7 37. Rb5 1-0

[Event "Olympiade"]
[Site "Charlesbourg CAN"]
[Date "2004.11.01"]
[Round "4"]
[White "Caire, Francois"]
[Black "Drolet, Stephane"]
[Result "0-1"]
[WhiteElo "2111"]
[BlackElo "2123"]
[PlyCount "76"]
[GameId "2160767911061031"]
[EventDate "2004.10.11"]
[EventType "team"]
[EventRounds "6"]
[EventCountry "CAN"]

1. d4 c5 2. dxc5 e6 3. Nc3 Na6 4. e4 Nxc5 5. Bf4 Qa5 6. Qd2 Na6 7. O-O-O Bb4 8. Nge2 Nf6 9. f3 d5 10. Be5 dxe4 11. Bxf6 gxf6 12. a3 Be7 13. fxe4 O-O 14. Qe3 Qg5 15. Nf4 Bc5 16. Qd2 Bd7 17. h4 Qh6 18. Bxa6 bxa6 19. Rh3 Kh8 20. g4 Rfd8 21. g5 Qf8 22. Rd3 Bxa3 23. Rxd7 Rdb8 24. Na4 Bxb2+ 25. Nxb2 Qa3 26. Qd4 e5 27. Qd6 Qxb2+ 28. Kd2 exf4 29. Rb1 Qe5 30. Rxb8+ Rxb8 31. Rd8+ Rxd8 32. Qxd8+ Kg7 33. Qd3 fxg5 34. hxg5 Qxg5 35. c4 f3+ 36. Kc2 Qg2+ 37. Kb3 f2 38. Qd4+ Kg6 0-1

[Event "Olympiade"]
[Site "Charlesbourg CAN"]
[Date "2004.11.01"]
[Round "4"]
[White "Crepault, Francois"]
[Black "Bourassa, Samuel"]
[Result "1/2-1/2"]
[WhiteElo "1580"]
[BlackElo "1593"]
[PlyCount "86"]
[GameId "2160767911061032"]
[EventDate "2004.10.11"]
[EventType "team"]
[EventRounds "6"]
[EventCountry "CAN"]

1. c4 Nf6 2. Nc3 d6 3. d4 g6 4. e4 Bg7 5. Nge2 O-O 6. Ng3 c5 7. d5 Na6 8. h4 h5 9. Be2 Nc7 10. Bg5 Nh7 11. Bxh5 gxh5 12. Nxh5 f5 13. Nxg7 Kxg7 14. Rh3 Nxg5 15. hxg5 fxe4 16. Qh5 Rh8 17. Qxh8+ Qxh8 18. Rxh8 Kxh8 19. O-O-O Bf5 20. Re1 Kg7 21. Nxe4 Bxe4 22. Rxe4 Re8 23. f4 b5 24. b3 bxc4 25. bxc4 e6 26. dxe6 Rxe6 27. Rxe6 Nxe6 28. g3 Kg6 29. Kd2 Kf5 30. Ke3 Kg4 31. Ke4 Nc7 32. g6 Ne8 33. Kd5 Kxg3 34. f5 Kf4 35. g7 Kxf5 36. g8=N Kf4 37. Ne7 Ke3 38. Nc8 Kd3 39. Nxa7 Nf6+ 40. Kxd6 Kxc4 41. Kc6 Kb4 42. Nb5 c4 43. a3+ Ka4 1/2-1/2

[Event "Olympiade"]
[Site "Charlesbourg CAN"]
[Date "2004.11.08"]
[Round "5"]
[White "Caire, Francois"]
[Black "Lessard, Claude"]
[Result "1-0"]
[WhiteElo "2111"]
[BlackElo "1980"]
[PlyCount "67"]
[GameId "2160767911061034"]
[EventDate "2004.10.11"]
[EventType "team"]
[EventRounds "6"]
[EventCountry "CAN"]

1. Nf3 d5 2. d4 c6 3. c4 Nf6 4. Nc3 g6 5. cxd5 cxd5 6. Bf4 Bg7 7. e3 O-O 8. Bd3 Nc6 9. h3 a6 10. Rc1 b5 11. Nd2 Na5 12. a4 Nc4 13. Qc2 Nh5 14. Bh2 f5 15. axb5 f4 16. Nxc4 dxc4 17. Bxc4+ Kh8 18. Bd5 Bxh3 19. gxh3 fxe3 20. fxe3 e5 21. Bxa8 exd4 22. exd4 Qh4+ 23. Kd1 Rxa8 24. Qe4 Qd8 25. b6 Nf6 26. Qf3 Qxd4+ 27. Kc2 Rf8 28. Rhf1 Qxb6 29. Rcd1 a5 30. Rd6 Qb4 31. Be5 Rb8 32. Nd5 Qc4+ 33. Kb1 Rc8 34. Rxf6 1-0

[Event "Olympiade"]
[Site "Charlesbourg CAN"]
[Date "2004.11.08"]
[Round "5"]
[White "Drolet, Stephane"]
[Black "Tremblay, Rejean"]
[Result "1/2-1/2"]
[WhiteElo "2123"]
[BlackElo "2239"]
[PlyCount "23"]
[GameId "2160767911061035"]
[EventDate "2004.10.11"]
[EventType "team"]
[EventRounds "6"]
[EventCountry "CAN"]

1. d4 Nf6 2. c4 g6 3. Nc3 Bg7 4. e4 d6 5. Be2 O-O 6. Nf3 Nbd7 7. O-O e5 8. Qc2 exd4 9. Nxd4 Re8 10. Rd1 Nc5 11. f3 c6 12. Rb1 1/2-1/2

[Event "Olympiade"]
[Site "Charlesbourg CAN"]
[Date "2004.11.15"]
[Round "6"]
[White "Lessard, Claude"]
[Black "Drolet, Stephane"]
[Result "1/2-1/2"]
[WhiteElo "1980"]
[BlackElo "2123"]
[PlyCount "20"]
[GameId "2160767911061036"]
[EventDate "2004.10.11"]
[EventType "team"]
[EventRounds "6"]
[EventCountry "CAN"]

1. Nf3 d5 2. c4 c6 3. d4 Nf6 4. Nc3 a6 5. cxd5 cxd5 6. Bf4 Nc6 7. e3 Bg4 8. h3 Bxf3 9. Qxf3 e6 10. Rc1 h6 1/2-1/2

[Event "Olympiade"]
[Site "Charlesbourg CAN"]
[Date "2004.11.15"]
[Round "6"]
[White "Tremblay, Rejean"]
[Black "Caire, Francois"]
[Result "1/2-1/2"]
[WhiteElo "2239"]
[BlackElo "2111"]
[PlyCount "20"]
[GameId "2160767911061037"]
[EventDate "2004.10.11"]
[EventType "team"]
[EventRounds "6"]
[EventCountry "CAN"]

1. d4 d6 2. Nf3 g6 3. c4 Bg7 4. Nc3 Nf6 5. e4 O-O 6. Be2 Nc6 7. d5 Nb8 8. O-O e6 9. h3 exd5 10. exd5 Re8 1/2-1/2

[Event "Ontario-op"]
[Site "Brantford CAN"]
[Date "2004.05.22"]
[Round "1"]
[White "Doubleday, William"]
[Black "Kudrin, Sergey"]
[Result "0-1"]
[WhiteElo "2100"]
[BlackElo "2557"]
[PlyCount "60"]
[GameId "2160767911145731"]
[EventDate "2004.05.22"]
[EventType "swiss"]
[EventRounds "6"]
[EventCountry "CAN"]
[SourceTitle "CBM 100 ext"]
[Source "ChessBase"]
[SourceDate "2004.07.06"]
[SourceVersion "2"]
[SourceVersionDate "2004.07.27"]
[SourceQuality "1"]

1. d4 Nf6 2. c4 g6 3. Nc3 d5 4. Nf3 Bg7 5. Bf4 O-O 6. Rc1 dxc4 7. e3 Be6 8. Ng5 Bd5 9. e4 h6 10. exd5 hxg5 11. Bxg5 b5 12. Nxb5 Qxd5 13. Bxf6 Bxf6 14. Nc3 Qe6+ 15. Qe2 Qb6 16. Qxc4 Bxd4 17. Rc2 c5 18. Be2 Nd7 19. O-O Ne5 20. Qa6 e6 21. Na4 Qc7 22. Kh1 Rab8 23. b3 Kg7 24. Bd1 Rh8 25. f4 Rxh2+ 26. Kxh2 Rh8+ 27. Kg3 Qe7 28. fxe5 Qg5+ 29. Kf3 Qf5+ 30. Ke2 Qe4+ 0-1

[Event "Ontario-op"]
[Site "Brantford CAN"]
[Date "2004.05.22"]
[Round "1"]
[White "Smith, Hazel"]
[Black "Quan Zhe"]
[Result "0-1"]
[WhiteElo "2051"]
[BlackElo "2324"]
[PlyCount "76"]
[GameId "2160767911145732"]
[EventDate "2004.05.22"]
[EventType "swiss"]
[EventRounds "6"]
[EventCountry "CAN"]
[SourceTitle "CBM 100 ext"]
[Source "ChessBase"]
[SourceDate "2004.07.06"]
[SourceVersion "2"]
[SourceVersionDate "2004.07.27"]
[SourceQuality "1"]

1. e4 c5 2. Nf3 d6 3. d4 cxd4 4. Nxd4 Nf6 5. Nc3 a6 6. Be2 e5 7. Nb3 Be7 8. Be3 O-O 9. O-O Be6 10. h3 Nbd7 11. Qd2 b5 12. Bf3 Nb6 13. Na5 Rc8 14. a3 Qc7 15. Rac1 Rfd8 16. Rfd1 d5 17. Bxb6 Qxb6 18. Nxd5 Bxd5 19. exd5 e4 20. Bg4 Rxd5 21. Qxd5 Nxd5 22. Bxc8 Nf4 23. Re1 Bh4 24. Re3 Bxf2+ 25. Kxf2 Nxg2 26. Kxg2 Qxe3 27. Nb3 Qf3+ 28. Kg1 e3 29. Bg4 Qf2+ 30. Kh1 e2 31. Bxe2 Qxe2 32. Kg1 h5 33. Kh1 a5 34. Rg1 a4 35. Na1 f5 36. b3 f4 37. bxa4 f3 38. axb5 f2 0-1

[Event "Ontario-op"]
[Site "Brantford CAN"]
[Date "2004.05.22"]
[Round "1"]
[White "Tyomkin, Dimitri"]
[Black "Brice, Ron"]
[Result "1-0"]
[WhiteElo "2503"]
[BlackElo "2077"]
[PlyCount "69"]
[GameId "2160767911145733"]
[EventDate "2004.05.22"]
[EventType "swiss"]
[EventRounds "6"]
[EventCountry "CAN"]
[SourceTitle "CBM 100 ext"]
[Source "ChessBase"]
[SourceDate "2004.07.06"]
[SourceVersion "2"]
[SourceVersionDate "2004.07.27"]
[SourceQuality "1"]

1. e4 c5 2. Nf3 d6 3. d4 cxd4 4. Nxd4 Nf6 5. Nc3 a6 6. g3 e5 7. Nb3 Be7 8. Bg2 Nbd7 9. a4 b6 10. O-O Bb7 11. Re1 Rc8 12. Nd2 Qc7 13. Nf1 O-O 14. Bg5 Rfe8 15. Ne3 h6 16. Bxf6 Nxf6 17. Qd3 Bf8 18. Red1 h5 19. Rd2 Qc5 20. Ra3 g6 21. Bh3 Rcd8 22. Ncd5 Bxd5 23. Nxd5 Nxd5 24. Qxd5 Bh6 25. Rdd3 Qxc2 26. Rac3 Qxa4 27. Rc7 Rf8 28. Rf3 Qe8 29. Rfxf7 Rxf7 30. Be6 Kh8 31. Bxf7 Qf8 32. Bxg6 Bg7 33. Rf7 Qg8 34. Rf3 Qe8 35. Rf8+ 1-0

[Event "Ontario-op"]
[Site "Brantford CAN"]
[Date "2004.05.22"]
[Round "2"]
[White "Dixon, Frank"]
[Black "Smith, Hazel"]
[Result "1-0"]
[WhiteElo "1750"]
[BlackElo "2051"]
[PlyCount "61"]
[GameId "2160767911145734"]
[EventDate "2004.05.22"]
[EventType "swiss"]
[EventRounds "6"]
[EventCountry "CAN"]

1. e4 e6 2. d4 d5 3. Nc3 dxe4 4. Nxe4 Nf6 5. Bg5 Be7 6. Bxf6 Bxf6 7. Nf3 Nd7 8. Bd3 b6 9. Qe2 Bb7 10. O-O-O Qe7 11. h4 O-O-O 12. Kb1 Kb8 13. g4 g6 14. g5 Bg7 15. Rhe1 Rhe8 16. c3 e5 17. Qc2 Qf8 18. Qa4 exd4 19. cxd4 f5 20. Ned2 Qd6 21. Ba6 Bxa6 22. Qxa6 Qf4 23. Rxe8 Rxe8 24. Qb5 Qd6 25. Nc4 Qe6 26. Re1 Qf7 27. Rxe8+ Qxe8 28. Nfe5 Bxe5 29. Nxe5 Kc8 30. Qa6+ Kb8 31. Nc6+ 1-0